Регионална библиотека "Любен Каравелов" - Русе

Уудсток в градината : разкази (Запис номер 418706)

MARC детайли
000 -Лидер
Контролно поле с фиксирана дължина nam a22 a 4500
003 - Код на организацията, давaща контролен номер
Контролно поле BLK
005 - Дата и час на последна редакция
Контролно поле 20211124125718.0
008 - Елементи от данни с фиксирана дължина
fixed length control field 210609b bul|||||r ||||||| j|bul||
020 ## - Международен стандартен номер на книга ISBN
Международен стандартен номер на книга ISBN 9786191866083
040 ## - Източник на каталожния запис
Идентификатор на билиотеката - собственик на записа BLK
041 ## - Код за език
Код за езика на текст/звукозапис или на отделно заглавие Български
Код за езика КДБФ Български
080 ## - УДК
Текстов определител УДК Българска литература
УДК код - определител по УДК 821.163.2
УДК определител -32
УДК - код + определител 821.163.2-32
100 1# - Редна дума - Автор
Автор Гачев, Димитър Рангелов
Авторска отговорност първи автор
R(LIN) 302937
139 ## - Редно поле
Редна дума Гачев, Димитър Рангелов
Авторски знак Гат - Г 25
245 10 - Сведения за заглавието
Заглавие Уудсток в градината : разкази
Редно поле (дума) Димитър Рангелов Гачев.
257 ## - Страна на издаване
Страна на създаване/издаване България
260 ## - Област на издателските данни
Име на издателя, разпространителя и проч. Жанет 45
Година на издаване 2020
9 (RLIN) 209682
Място на издаване, разпространение и проч. Пловдив
300 ## - Физическа характеристика
Страници 181 с.
Размери/Мащаб 20 см
380 ## - Жанр
Жанр Худож. лит.
852 ## - Местоположение
Форматна сигнатура Цб 307623
999 ## - СИСТЕМНИ КОНТРОЛНИ НОМЕРА
Koha biblionumber 418706
Koha biblioitemnumber 418706
942 ## - АРТИКУЛИ
Вид на библиотечния материал Книги
Скрит в OPAC Не
Периодичен библиозапис Да
Koha issues (borrowed), all copies 1
944 ## - СЪЗДАВАНЕ И РЕДАКЦИЯ на ЗАПИСА
Създаване/Редакция Създаване
Дата на регистрацията/редакция 2021-06-09
Служител, извършил регистрацията/редакцията ВР
Наличности
Код за отписване Код за изгубен артикул Източник на класификационната схема Код за повреда Коз за рестрикции Код за отдаване Артикулен № Име на библиотеката - собственик Име на библиотеката, в която се намира в момента Статус (Текущо местоположение) Дата на вписване в системата Местоположение - отдел Цена в лева Систематично азбучна сигнатура Баркод Цена в евро Служебен тип на артикула
  Не е изгубен Universal Decimal Classification Не е повреден само за читалня ползва се в читалня 836008 Регионална библиотека "Любен Каравелов" Русе Регионална библиотека "Любен Каравелов" Русе Хранилище 2021-06-10 Хранилище 15.00 Цб 307623 120000855998 7.67 Книги
  Не е изгубен Universal Decimal Classification Не е повреден без рестрикции заемане за дома 859953 Регионална библиотека "Любен Каравелов" Русе Регионална библиотека "Любен Каравелов" Русе Заемна - подръчен фонд 2021-11-03 Заемна - подръчен фонд 11.25 821.163.2-32/Г 25 Д 120000861878 5.75 Книги
Vip Innovations Ltd, Rousse, Bulgaria 2025